000 00386pab a2200157 454500
008 180718b2009 xxu||||| |||| 00| 0 eng d
100 _aDevi, M.D. Usha
245 _aInternationalisation of higher education: social fallout
260 _c2009
300 _ap.11-12.
362 _a27 Jul
650 _aHigher education
773 _aUniversity News
908 _aN
909 _a83300
999 _c83300
_d83300